000 00486nam a2200169Ia 4500
005 20250508152913.0
008 008 250505s9999 xx 000 0 eng d
037 _aTextual
040 _aFEDL
_beng
_cFEDL
041 _aeng
_2eng
084 _a159.4, ALL
_qFEDL
100 _aAllport Gordon W. et. al
_9762702
245 0 _aAssessment of human motives
260 _aNew York, USA
_bRinehart and Company
_c1958
942 _cTEXL
_h159.4, ALL
999 _c1339524
_d1339524